The blackwell encyclopedic dictionary of strategic management / (Record no. 347527)
[ view plain ]
| 000 -LEADER | |
|---|---|
| fixed length control field | 02492 a2200241 4500 |
| 003 - CONTROL NUMBER IDENTIFIER | |
| control field | OSt |
| 005 - DATE AND TIME OF LATEST TRANSACTION | |
| control field | 20180116182852.0 |
| 008 - FIXED-LENGTH DATA ELEMENTS--GENERAL INFORMATION | |
| fixed length control field | 160427b xxu||||| |||| 00| 0 eng d |
| 020 ## - INTERNATIONAL STANDARD BOOK NUMBER | |
| International Standard Book Number | 1557869669 (hardcover) |
| 020 ## - INTERNATIONAL STANDARD BOOK NUMBER | |
| International Standard Book Number | 9781557869661 (hardcover) |
| 040 ## - CATALOGING SOURCE | |
| Transcribing agency | 0 |
| 082 04 - DEWEY DECIMAL CLASSIFICATION NUMBER | |
| Classification number | 658.401203 |
| 100 ## - MAIN ENTRY--PERSONAL NAME | |
| Personal name | Derek F. Channon. |
| 245 14 - TITLE STATEMENT | |
| Title | The blackwell encyclopedic dictionary of strategic management / |
| Statement of responsibility, etc. | Derek F. Channon. |
| 260 ## - PUBLICATION, DISTRIBUTION, ETC. | |
| Place of publication, distribution, etc. | [S.l.] : |
| Name of publisher, distributor, etc. | Blackwell Pub, |
| Date of publication, distribution, etc. | 1997. |
| 300 ## - PHYSICAL DESCRIPTION | |
| Extent | 325 p. ; |
| Dimensions | 25 cm. |
| 490 1# - SERIES STATEMENT | |
| Series statement | Blackwell encyclopedia of management. |
| 520 ## - SUMMARY, ETC. | |
| Summary, etc. | The Blackwell Encyclopedic Dictionary of Strategic Management provides clear, concise up to the minute and highly informative definitions and explanations of the key concepts covering the whole of the fast changing field of contemporary strategy. Bringing together specially commissioned and carefully edited entries from an international team of the world's best known and respected strategy scholars and teachers, this will become the standard reference for students, researchers, academics and practitioners. The Dictionary has been designed to give both the expert and the newcomer overviews and succinct presentations of the most important concepts, terms and techniques in strategic management. With entries ranging from extended explorations of major topics to short definitions of key terms, this major reference work gives the user:Authoritative and comprehensive coverage of the whole field, including the leading management tools presently used in the field from benchmaking to re-engineering.Fully indexed and cross referenced for detailed research with relevant citations for further study both for academics and practitioners. Definitive entries covering the very latest developments in strategy.A completely international perspective and author base, including new material on strategic management techniques in Asia, as well as the latest thinking from Europe and the US. This dictionary is part of the Blackwell Encyclopedia of Management which contains ten further volumes covering each of the key areas of management science developed under the editorship of Professor Cary L. Cooper from the Manchester School of Management and Professor Chris Argyris of Harvard Business School. |
| 700 1# - ADDED ENTRY--PERSONAL NAME | |
| Personal name | Channon, Derek F. |
| 830 #0 - SERIES ADDED ENTRY--UNIFORM TITLE | |
| Uniform title | Blackwell encyclopedia of management. |
| 856 40 - ELECTRONIC LOCATION AND ACCESS | |
| Materials specified | Amazon.com |
| Uniform Resource Identifier | <a href="http://www.amazon.com/exec/obidos/ASIN/1557869669/chopaconline-20">http://www.amazon.com/exec/obidos/ASIN/1557869669/chopaconline-20</a> |
| 942 ## - ADDED ENTRY ELEMENTS (KOHA) | |
| Institution code [OBSOLETE] | NBS |
| Koha item type | Book |
| Call number prefix | 658.401203 REF |
| Source of classification or shelving scheme | |
| Withdrawn status | Lost status | Damaged status | Not for loan | Permanent Location | Current Location | Date acquired | Full call number | Barcode | Date last seen | Price effective from | Koha item type | Total Checkouts |
|---|---|---|---|---|---|---|---|---|---|---|---|---|
| Central Library (CL) | Central Library (CL) | 08/28/2013 | 658.401203 REF | NBS239 | 04/27/2016 | 08/28/2013 | Reference | |||||
| Central Library (CL) | Central Library (CL) | 08/28/2013 | 658.401203 REF | NBS1462 | 08/28/2013 | 08/28/2013 | Reference | |||||
| Central Library (CL) | Central Library (CL) | 08/28/2013 | 658.401203 REF | NBS1463 | 08/28/2013 | 08/28/2013 | Reference | |||||
| Central Library (CL) | Central Library (CL) | 08/28/2013 | 658.401203 REF | NBS1467 | 08/28/2013 | 08/28/2013 | Book | |||||
| Central Library (CL) | Central Library (CL) | 08/28/2013 | 658.401203 REF | NBS1468 | 08/28/2013 | 08/28/2013 | Reference |
